ბათუმის შოთა რუსთაველის სახელმწიფო უნივერსიტეტის ბიბლიოთეკა

Кумранская община / (ბიბ.ჩანაწერი № 36179)

000 -LEADER
fixed length control field 00715nam a2200217Ia 4500
001 - CONTROL NUMBER
control field 2081
003 - CONTROL NUMBER IDENTIFIER
control field GE_BSU
005 - DATE AND TIME OF LATEST TRANSACTION
control field 20221021111859.0
008 - FIXED-LENGTH DATA ELEMENTS--GENERAL INFORMATION
fixed length control field 181216s1983ru xx |||||||||||||| ||rus||
040 ## - CATALOGING SOURCE
Transcribing agency GE_BSU
041 ## - LANGUAGE CODE
Language code of text/sound track or separate title rus
080 ## - UNIVERSAL DECIMAL CLASSIFICATION NUMBER
Universal Decimal Classification number 09 А-62
100 ## - MAIN ENTRY--PERSONAL NAME
Personal name Амусин,И.Д.
9 (RLIN) 15390
245 ## - TITLE STATEMENT
Title Кумранская община /
Statement of responsibility, etc. И.Д. Амусин, Отв.ред.И.М.Дьяконов.
264 ## - PRODUCTION, PUBLICATION, DISTRIBUTION, MANUFACTURE, AND COPYRIGHT NOTICE
Place of production, publication, distribution, manufacture Москва :
Name of producer, publisher, distributor, manufacturer Наука,
Date of production, publication, distribution, manufacture, or copyright notice 1983.
300 ## - PHYSICAL DESCRIPTION
Extent 327стр.:
Other physical details 22 см.
653 ## - INDEX TERM--UNCONTROLLED
keyword кумранская община
653 ## - INDEX TERM--UNCONTROLLED
keyword კუმრანის საზოგადოება
700 ## - ADDED ENTRY--PERSONAL NAME
Personal name Дьяконов, И.М.
Relator term რედაქტორი
9 (RLIN) 15414
942 ## - ADDED ENTRY ELEMENTS (KOHA)
Koha item type წიგნი
Source of classification or shelving scheme
ეგზემპლარები
Withdrawn status Lost status Source of classification or shelving scheme Damaged status Not for loan Permanent Location Current Location Shelving location Date acquired Cost, normal purchase price Full call number Barcode Date last seen Copy number Price effective from Koha item type Public note
          ბათუმის შოთა რუსთაველის სახელმწიფო უნივერსიტეტის მთავარი ბიბლიოთეკა ბათუმის შოთა რუსთაველის სახელმწიფო უნივერსიტეტის მთავარი ბიბლიოთეკა წიგნსაცავი 2018-12-17 8.00 09 А-62 4343 2018-12-17 4343 2018-12-17 წიგნი 8.00